احكام القران / (Record no. 37812)
[ view plain ]
| 000 -الفاتح | |
|---|---|
| حقل البيانات ثابتة الطول | 00589nam a2200169Ia 4500 |
| 008 - عناصر البيانات ثابتة الطول - معلومات عامة | |
| حقل البيانات ثابتة الطول | 140319s9999 xx 000 0 ara d |
| 040 ## - مصدر الفهرسة | |
| وكالة الفهرسة الأصلية | GCL / |
| وكالة النسخ | GCL |
| 082 04 - رقم تصنيف ديوى العشرى | |
| رقم التصنيف | 226.2 |
| رقم المادة | ش ا |
| 100 1# - المدخل الرئيسى - إسم شخصى | |
| الإسم الشخصى | عبدالغنى عبدالخالق |
| 245 10 - بيان العنوان | |
| العنوان | احكام القران / |
| بيان المسئوليه,etc | عبدالغنى عبدالخالق |
| 700 1# - المدخل الاضافى - اسم شخصى | |
| الإسم الشخصى | البيهقى، احمد بن الحسين، 994-1066 م |
| 700 1# - المدخل الاضافى - اسم شخصى | |
| الإسم الشخصى | الكوثرى, محمد زاهد بن الحسن (ج |
| 700 1# - المدخل الاضافى - اسم شخصى | |
| الإسم الشخصى | الشافعى، ابوعبدالله محمد بن ادريس، 767-819 م |
| 300 ## - الوصف المادى | |
| التعداد | 245 ص |
| 490 ## - بيان السلسلة | |
| عنوان السلسلة | |
| حالة التراجع | حالة الفقد | حالة تلف | ليس للاعارة | المكان المؤقت | الموقع الحالى | تاريخ الاكتساب | اجمالي اﻻعارات | رقم الطلب | الباركود | تاريخ اخر مشاهدة | تاريخ تفعيل السعر | نوع وعاء كوها |
|---|---|---|---|---|---|---|---|---|---|---|---|---|
| مكتبة القاهرة الكبرى | مكتبة القاهرة الكبرى | 03/26/2014 | 226.2\ش ا | 92312 | 03/26/2014 | 03/26/2014 | كتاب | |||||
| مكتبة القاهرة الكبرى | مكتبة القاهرة الكبرى | 03/26/2014 | 226.2\ش ا | 92313 | 03/26/2014 | 03/26/2014 | كتاب |

